Pays de l'Union soviétique (URSS) - Statistiques

Statistiques générales
  • Ce quiz a été pris 1 444 fois
  • Le résultat moyen est 13 sur 15
Statistiques - réponses
Pays % Correct
Ukraine
96%
Biélorussie
95%
Estonie
93%
Russie
93%
Lettonie
92%
Lituanie
92%
Kazakhstan
88%
Arménie
85%
Azerbaïdjan
84%
Géorgie
84%
Ouzbékistan
84%
Turkménistan
84%
Moldavie
83%
Tadjikistan
82%
Kirghizistan
80%
Aucun quiz correspondant
Distribution des résultats
% des personnes avec chaque résultat
Percentile par nombre de réponses
Votre historique - résultats
Vous n’avez pas pris ce quiz